000 00613nam a2200241 a 4500
001 nice12345678
003 IN_TiNIC
005 20260116012811.0
008 050524s1983 newa grp 000 0 eng
020 _a0883443
_c100
082 0 0 _a291.172
_bCAM
100 _aCamps, Arnulf
245 _aPartners in Dialogue
_b Christianity and Other Religions.
260 _aNew York
_bOrbis Books
_c1983
300 _a255p
500 _aincludes index and biblioraphy
505 2 _aindex
650 _aInterfaith Dialogue
700 1 _aCamps, Arnulf
902 _bSRS
942 _cBK
999 _c8424
_d8424